000
00288nam a22001337a 4500
008
171019b xxu||||| |||| 00| 0 eng d
020
_a
9780787909130
041
_a
eng
080
_a
338
100
_a
54
101
_a
MEN
245
_a
EVALUTION WITH POWER
_c
JAMES.D
942
_2
udc
_c
BK
999
_c
34995
_d
34995